000 01171nam0a22002531 4500
001 rc\2803580
005 20260407085729.0
035 _a(NLR Aleph) 006929573
090 _a7533002
_c7533002
100 _a20110915d1944 u y0rusy50 ca
101 0 _arus
102 _aRU
105 _ay gj |||||
200 1 _aСправочник для поступающих в высшие учебные заведения Народного комиссариата мясной и молочной промышленности Союза ССР в 1944 г.
_fГл. упр. учеб. заведениями Нар. ком. мяс. и молоч. пром. СССР
210 _aМосква
_cПищепромиздат
_d1944
_eКалуга
215 _aТит. л., 8 с., без обл.
_d18 см.
712 0 1 _aСССР
_bНародный комиссариат мясной и молочной промышленности
_3RU\NLR\AUTH\8813422
_9299845
801 0 _aRU
_bNLR
_gpsbo
801 1 _aRU
_bELAR
_2rusmarc
852 _aNLR
_jПр30 Г-4/190
942 _cBOOK
945 _aРоссийская национальная библиотека
980 _aNB
980 _aBV